000 00359nam a2200133Ia 4500
005 20251222141952.0
008 251222s9999||||xx |||||||||||||| ||spa||
020 _a84-7986-253-X
082 _a370.15/V23
100 _aVallés Arándiga, Antonio
245 0 _aDificultades de Aprendizaje e Intervención Psicopedagógica
264 _bPromolibro
942 _cLIB
999 _c9729
_d9729